Les Grecs en Égypte, d'après les archives de Zénon /

محفوظ في:

المؤلف الرئيسي: Préaux, Claire. (مؤلف)

التنسيق: كتاب

اللغة: French

منشور في: Bruxelles : Office de publicité, 1947.

سلاسل: Collection Lebègue, 7me serie ; 78.

الموضوعات:

الوسوم: إضافة وسم

لا توجد وسوم, كن أول من يضع وسما على هذه التسجيلة!

رقم الطلب: DT92 .P89

LEADER 00828nam a22002657a 4500
003 OSt
005 20260302111348.0
008 260302t1947 be a g 000 0 fre d
010 |a a 49001201 
040 |c ARCE Library 
043 |a f-ua--- 
050 1 4 |a DT92  |b .P89 
100 1 |a Préaux, Claire.   |e author 
245 1 4 |a Les Grecs en Égypte, d'après les archives de Zénon /   |c Claire Préaux. 
264 1 |a Bruxelles :   |b Office de publicité,   |c 1947. 
300 |a 90, [1] p. :   |b ill. ;   |c 22 x 28 cm. 
490 1 |a Collection Lebègue, 7me serie ;   |v 78. 
504 |a Bibliography : p. [87]-[91]. 
650 0 |a Greeks  |z Egypt. 
651 0 |a Egypt  |x Civilization  |y 332 B.C.-638 A.D. 
651 0 |a Egypt   |x Commerce. 
830 0 |a Collection Lebègue, 7me serie ;   |v 78. 
901 |a reviewed 
942 |c BK  |2 lcc 
999 |c 16643  |d 16643